00815nam a2200229 a 450000100060000000300080000600500170001400800410003102000150007203500190008704000320010604100080013808200270014610000180017324502530019126000380044430000250048235000100050750000180051750400310053565000190056646701BD-RjUL20211209054207.0160803s1968 ii b 001 0 eng  c: Rs.14.00 a(BD-RjUL)46820 aDLCcDLCdDLCdBD-RjULbeng aeng00a343.0954223bCOC 19681 aConsul, S. C.10aCommentary on the police acts :bcontaining a detailed commentary on the Police act, 1861, the Police act, 1888, the Police (incitement to disaflection) act, 1922, the Police act, 1949, the latest case-law and useful appendices, /cby S. C. Consul. aCalcutta :bS. C. Sarkar, cc1968 axv, 253 p. ;c23 cm. a14.00 aInclude index aBibliographical footnotes. 0aPolicezIndia.